Určovanie zloženia prchavých organických zlúčenín vo vzorkách medovín a medov diplomová práca

Saved in:
Bibliographic Details
Main Author: Repková, Dominika
Format: Book
Language:Slovak
Published: Bratislava STU FCHPT 2015
Online Access:View in OPAC
Tags: Add Tag
No Tags, Be the first to tag this record!

MARC

LEADER 00000nam a2200000 a 4500
005 20260127133956.0
008 160108 2015 000 0 slo d
035 |a vtls011430740 
039 9 |y 201601080959  |z mschk03 
040 |a STUSCHK1  |b slo  |c STUSCHK1  |e AACR2 
100 1 |a Repková, Dominika 
245 1 |a Určovanie zloženia prchavých organických zlúčenín vo vzorkách medovín a medov  |b diplomová práca  |c Dominika Repková 
260 |a Bratislava  |b STU FCHPT  |c 2015 
300 |a 53 s.  |b il.  |c 25 cm 
500 |a Študijný program: technická chémia 
500 |a Študijný odbor: chémia, chemické technológie 
500 |a Školiace pracovisko: Odd. analytickej chémie 
500 |a Evid. číslo: FCHPT-5459-43396 
910 |a SCHK95 
999 |c 1283  |d 1283